000 00497nam a2200181Ia 4500
005 20250508162650.0
008 008 250505s9999 xx 000 0 eng d
037 _aTextual
040 _aFEDL
_beng
_cFEDL
041 _aeng
_2eng
084 _a707, TIC
_qFEDL
100 _aTickle Les Ed.
_9773750
245 0 _aArts in education: Some research studies
260 _aLondon, UK
_bCroom Helm Ltd.
_c1987
300 _a295p
942 _cTEXL
_h707, TIC
999 _c1377927
_d1377927